| 000 | 00514nam a2200169 a 4500 | ||
|---|---|---|---|
| 001 | 000042564 | ||
| 005 | 20201002040235.0 | ||
| 008 | 140127s2011 dr 000 0 spa d | ||
| 020 | _a9789945004830 | ||
| 040 |
_aDO-SdBNP _bspa _cBNPHU |
||
| 082 |
_axxxxxx _bxxxxxx |
||
| 100 | 1 |
_aFranco, Federico, _d1957- _928915 |
|
| 245 | 1 | 0 |
_aTurista en mi país / _cFederico Franco. |
| 260 |
_aSanto Domingo, : _bSantuario, _c2011. |
||
| 300 |
_a182 p. ; _c22 cm. |
||
| 500 | _aIncluye datos biográficos del autor en las solapas | ||
| 999 |
_c42053 _d42053 |
||